Aufschwung nach altem Muster?

Saved in:
Bibliographic Details
Format: Book
Language:German
Published: Kiel Institut für Weltwirtschaft 1983
Series:Kieler Diskussionsbeiträge 94
Tags: Add Tag
No Tags, Be the first to tag this record!

MARC

LEADER 00000nam a2200000 4500
001 c132694
005 20181203150445.4
041 0 |a ger 
044 |a DE 
245 1 0 |a Aufschwung nach altem Muster? 
264 1 |a Kiel  |b Institut für Weltwirtschaft  |c 1983 
300 |a 35 s. 
490 1 |a Kieler Diskussionsbeiträge  |v 94 
830 0 |a Kieler Diskussionsbeiträge  |v 94